Cuộc đời tôi /
Lần đầu tiên Charles Chaplin nói về mình. Toàn thế giới quen biết hình dáng của Charlot, con người lang thang, nhỏ bé hình quả dưa, mặc quần quá rộng, ria mép nhỏ, chiếc gậy mềm trong tay và bước đi nhảy nhót.
Đã lưu trong:
| 主要作者: | |
|---|---|
| 其他作者: | |
| 格式: | 圖書 |
| 語言: | Vietnamese English |
| 出版: |
Hà Nội :
Công an nhân dân,
2000.
|
| 主題: | |
| 標簽: |
添加標簽
沒有標簽, 成為第一個標記此記錄!
|
| Thư viện lưu trữ: | Mạng thư viện Đại học Đà Nẵng |
|---|
| LEADER | 01230cam a2200373 i 4500 | ||
|---|---|---|---|
| 001 | 000046900 | ||
| 003 | 6409 | ||
| 005 | 20030929112018.0 | ||
| 008 | 010306b2000 vm 000 vie | ||
| 020 | |c 68000 | ||
| 040 | |a IRC |c IRC |d IRC | ||
| 041 | 1 | |a vie |h eng | |
| 082 | 1 | 4 | |a 927.91 |b CH-C |
| 100 | 1 | 0 | |a Chaplin, Charlie, |d 1889-1977. |
| 245 | 0 | 0 | |a Cuộc đời tôi / |c Charles Chaplin ; Đoàn Doãn dịch. |
| 260 | |a Hà Nội : |b Công an nhân dân, |c 2000. | ||
| 300 | |a 759tr. ; |c 19cm. | ||
| 520 | 3 | |a Lần đầu tiên Charles Chaplin nói về mình. Toàn thế giới quen biết hình dáng của Charlot, con người lang thang, nhỏ bé hình quả dưa, mặc quần quá rộng, ria mép nhỏ, chiếc gậy mềm trong tay và bước đi nhảy nhót. | |
| 600 | 1 | 5 | |a Chaplin, Charles, |d 1889-1977. |
| 630 | 0 | 4 | |a Danh nhân. |
| 630 | 0 | 4 | |a Sac-lô. |
| 630 | 0 | 4 | |a Charles Chaplin. |
| 650 | 0 | 4 | |a Chaplin, Charles, |d 1889-1977. |
| 700 | 1 | |a Đoàn Doãn, |e dịch. | |
| OWN | |a DUT | ||
| 999 | |a From the UDN01 | ||
| TYP | |a Monograph | ||
| TYP | |a Printed language | ||
| 980 | |a Mạng thư viện Đại học Đà Nẵng | ||